| 000 | 00447nam a22001697a 4500 | ||
|---|---|---|---|
| 005 | 20180305115612.0 | ||
| 008 | 160429b xxu||||| |||| 00| 0 eng d | ||
| 020 | _a81-7808-685-9 | ||
| 041 | _aeng | ||
| 082 |
_b00968 _a332 |
||
| 100 |
_aIabozzi J. Frank and others _94181 |
||
| 245 | _aFundation of financial markets and Institution | ||
| 260 |
_aNew Delhi _bPearson Education, _c2005 |
||
| 300 | _a663 | ||
| 650 |
_aManagement _9241 |
||
| 942 | _cBK | ||
| 999 |
_c330 _d330 |
||